| 000 | 00487nam a2200169 i 4500 | ||
|---|---|---|---|
| 001 | 37869 | ||
| 003 | ES-MaACL | ||
| 005 | 20230906155645.0 | ||
| 007 | t| | ||
| 008 | 030224s1916 fr ||||1| fre d | ||
| 100 | 1 |
_aCagnat, René. _933432 |
|
| 245 | 1 | 0 |
_aManuel d'archeologie romaine / _cpar René Cagnat et V. Chapot. |
| 260 |
_aParis : _b[s.n., _c1916] ( _eMaçon : _fProtat Frères) |
||
| 300 |
_a2 v. ; _c22 cm. |
||
| 700 | 0 |
_aChapot, Victor. _938038 |
|
| 852 |
_aES-MaACL _jF-12087-8 |
||
| 999 |
_c37869 _d37869 |
||